000 00328nam a2200133Ia 4500
008 231129s1982||||xx |||||||||||||| ||spa||
020 _a968-24-1134-3
040 _bspa
082 _a633 C967
245 0 _aCultivos de plantación
260 _c1982
264 _aTrillas
942 _2ddc
_cBKS
999 _c8581
_d8581